000 00414nam a2200145Ia 4500
008 240729s9999 xx 000 0 und d
022 _a2663-3647
245 0 _aJournal of Vocational, Adult and Continuing Education and Training
260 _aSouth Africa
260 _bCOMPRESS.dsl
650 _aEducation
856 _uhttps://doaj.org/toc/607c256b7e5c4f729704a8c4280a100f
942 _2ddc
942 _cDOAJEJ
999 _c68938
_d68938
945 _a1
_bMadushi Gamage
_c1
_dMadushi Gamage